Integral Manifolds and Inertial Manifolds for Dissipative Partial Differential Equations

Αποθηκεύτηκε σε:
Λεπτομέρειες βιβλιογραφικής εγγραφής
Άλλοι συγγραφείς: Constantin, P. (Peter) 1951-
Μορφή: Βιβλίο
Γλώσσα:English
Δημοσίευση: New Yorc : Springer-Verlag, c1989
Σειρά:Applied mathematical sciences (Springer-Verlag New York Inc.) ; 70
Θέματα:
Ετικέτες: Προσθήκη ετικέτας
Δεν υπάρχουν, Καταχωρήστε ετικέτα πρώτοι!

MARC

LEADER 00000nam a2200000 i 4500
001 1/36901
008 970417s1989 eng d
020 |a 0-387-96729-X 
020 |a 3-540-96729-X 
035 |1 ΕΛΗ  |a 1997  |b 1604  |c ΛΥΜΠΕΡΟΠΟΥΛΟΣ  |l 10040361 
040 |a GR-MY-UA  |b gre  |e aacr 
041 0 |a eng 
082 0 |a 515.353 
245 1 0 |a Integral Manifolds and Inertial Manifolds for Dissipative Partial Differential Equations /  |c P. Constantin...[et al.]. 
260 |a New Yorc :   |b Springer-Verlag,   |c c1989 
300 |a x, 121 p.;  |c 25 cm. 
490 1 |a Applied mathematical sciences (Springer-Verlag New York Inc.)  |v ; 70 
500 |a Includes bibliographical references (p.119-121) and index 
650 0 0 |a Differential equations, Partial. 
650 0 0 |a Manifolds (Mathematics) 
700 1 |a Constantin, P.  |q (Peter)  |d 1951- 
830 0 |a Applied mathematical sciences (Springer-Verlag New York Inc.)  |v ; 70 
852 |a INST  |b SAMOS  |e 19970417  |h 515.353 INT  |p 005300008867  |q 005300008867  |t BK  |y 0 
901 |a BIBL-1997-2 
909 |a Σ  |b 050834